000 03183nam a22002537a 4500
003 UA-OsUOA
005 20210809142950.0
008 210809b un ||||| |||| 00| 0 ukr d
040 _aUA-OsUOA
_bukr
_cUA-OsUOA
_dUA-OsUOA
041 _aukr
080 _a94(477:438)(043)
090 _a94(477:438)(043)
095 _a07.00.01
_bісторія України
100 _aПарначова Н. В.
245 _aКультурне життя української діаспори в Польській Народній Республіці в другій половині 50-их – 60-ит роках XX ст. (на матеріалах тижневика "Наше слово")
_cПарначова Наталія Володимирівна ; наук. керівник Стадник Ірина Юріївна
260 _aПереяслав
_c2021
300 _a22 с.
502 _6Автореферат дисертації на здобуття наукового ступеня кандидата історичних наук
_cДержавний вищий навчальний заклад "Переяслав-Хмельницький державний педагогічний університет імені Григорія Сковороди"
_d2021
520 _aДисертацію присвячено дослідженню культурного життя української діаспори в Польській народній Республіці в другій половині 50-х - 60-х роках XX ст. на матеріалах тижневика «Наше слово», адже останній є важливим джерелом для об’єктивної оцінки політичних, економічних, культурних, міжнаціональних процесів, які відбувалися в житті українців у другій половині 50-х - 60-х рр. XX ст. в Польській Народній Республіці. На основі комплексного аналізу історичних джерел, історіографічних здобутків і сучасних методологічних та концептуальних підходів здійснено комплексний аналіз та висвітлено в історичній ретроспективі роль тижневика «Наше слово» в культурному житті українців, сприянні відродженню національної ідентичності в іноетнічному середовищі українців у Польщі в другій половині 50-х - 60-х рр. XX ст., досліджено умови та головні напрямки діяльності газети, а також визначено місце газети в житті української громади в зазначений період.
650 _2UDC
_a94 Історія
942 _2udc
_cAR
955 _a1
999 _c571165
_d571165